Rozpoznaj grę po recenzji Steam #6 - Statystyki

Ogólne statystyki
  • Ten quiz został rozwiązany 39 razy
  • Średni wynik to 6 z 20
Statystyki odpowiedzi
Recenzja Tytuł gry % Poprawnych
Pierwsze wejście na górę po 6.43h, brak pokory, pozdro Gucio Getting Over It with Bennett Foddy
71%
DLC kasyno bez kasyna xd śmiech ... Grand Theft Auto V
61%
git gierka ale budzi do mnie duzo nienawisci do malych ryb XDD Cat Goes Fishing
58%
gra tak dobra jak co roku, czyli wcale EA SPORTS FC™ 24
58%
Można rzucać paczkami jak w DPD DEATH STRANDING DIRECTOR'S CUT
45%
wywalam gnój od ls09:) Farming Simulator 2022
42%
honk Untitled Goose Game
42%
Jedyna baba na jaką mnie stać Baba Is You
35%
Kto nie zajrzał pod spódniczkę niech pierwszy rzuci kataną. NieR:Automata™
35%
10/10 Zabiłem własną Matkę, potem zawołała mnie na obiad. The Binding of Isaac
35%
klimat tak g ę s t y że aż maske trza nosić bo sie khhurwa d00szę Metro Exodus
29%
To nie jest recenzja. Idź dalej przeczytać coś co jest recenzją There Is No Game: Wrong Dimension
29%
Parkour prawie jak w minecrafcie Mirror's Edge
26%
"Nie ma Zmiłuj" to nie tylko nazwa misja, ale również czas oczekiwania na rozgrywkę. PAYDAY 3
23%
Zawiśniesz na sznurze... Szczurze! Stronghold: Definitive Edition
23%
Cudowny symulator randkowania, tylko trochę za dużo walki w nim. ღ Baldur's Gate 3
10%
Więcej czasu spędziłem w tej grze na grobach niż na grobie mojego starego. ELDEN RING
10%
zje*any remake usunęli scene seksu Mafia: Definitive Edition
10%
śmigam sobie jak hajto Trackmania
3%
This game makes me horny Trombone Champ
0%
Nie znaleziono quizów pasujących do podanych kryteriów
Rozkład punktacji
Procent ludzi z każdym wynikiem
Percentyl według liczby udzielonych odpowiedzi
Twoja historia wyników
Nie rozwiązałeś tego quizu